000
00264nam a22001217a 4500
003
OSt
008
250106b |||||||| |||| 00| 0 eng d
041
_a
eng
082
_a
547
100
_a
Bahl & Bahl
_9
6779
245
_a
Text Book of Organic Chemistry
942
_c
BK
999
_c
18938
_d
18938